<?xml version="1.0" encoding="UTF-8"?>
<collection xmlns="http://www.loc.gov/MARC21/slim">
<record>
  <controlfield tag="001">163855</controlfield>
  <controlfield tag="005">20251107115329.0</controlfield>
  <datafield tag="024" ind1="7" ind2=" ">
    <subfield code="2">doi</subfield>
    <subfield code="a">10.1007/s11060-025-05253-0</subfield>
  </datafield>
  <datafield tag="024" ind1="8" ind2=" ">
    <subfield code="2">sideral</subfield>
    <subfield code="a">145938</subfield>
  </datafield>
  <datafield tag="037" ind1=" " ind2=" ">
    <subfield code="a">ART-2025-145938</subfield>
  </datafield>
  <datafield tag="041" ind1=" " ind2=" ">
    <subfield code="a">eng</subfield>
  </datafield>
  <datafield tag="100" ind1=" " ind2=" ">
    <subfield code="a">Baselga, Marta</subfield>
    <subfield code="0">(orcid)0000-0003-2672-5790</subfield>
  </datafield>
  <datafield tag="245" ind1=" " ind2=" ">
    <subfield code="a">Three-dimensional ultrastructural analysis of glioblastoma reveals spheresome-mediated intercellular communication</subfield>
  </datafield>
  <datafield tag="260" ind1=" " ind2=" ">
    <subfield code="c">2025</subfield>
  </datafield>
  <datafield tag="520" ind1="3" ind2=" ">
    <subfield code="a">Purpose: The tumor microenvironment plays a central role in glioblastoma progression and treatment resistance, with extracellular vesicles (EVs) mediating much of the intercellular communication. Here, we provide the first ultrastructural evidence of spheresomes -a specific EV subtype- predominance in human glioblastomas, together with novel observations on their transport and interactions.
Methods: Tumor samples from four patients with histologically confirmed glioblastoma were examined using transmission electron microscopy (TEM) and three-dimensional (3D) reconstructions from ultrathin serial sections.
Results: In glioblastomas, spheresomes, contained within multivesicular spheres (MVSs), were the most prevalent EV subtype, exceeding multivesicular bodies containing exosomes in number and size. 3D reconstructions revealed numerous contacts between glioblastoma tumor cells and MVSs, active release events, and occasional traversal of endothelial cells into the vascular lumen, suggesting potential for both local and systemic transport. Additionally, we report independent and descriptive new ultrastructural observations of glioblastoma. These tumors well-differenciated cells exhibited irregular nuclei with nuclear blebs and nuclear envelope-limited chromatin sheets, as well as cytoplasmic concentric rough endoplasmic reticulum laminations, membranous stacks, crystalline bodies, and concentric rearrangements of gliofilaments. Primary cilia (9 + 0) were also observed.
Conclusions: These findings expand the ultrastructural profile of glioblastoma, highlight spheresomes as a potentially important EV population in tumor communication, and underscore the value of further molecular studies to evaluate their role as potential biomarkers.</subfield>
  </datafield>
  <datafield tag="536" ind1=" " ind2=" ">
    <subfield code="9">info:eu-repo/grantAgreement/ES/DGA/PROY_B21_24</subfield>
  </datafield>
  <datafield tag="540" ind1=" " ind2=" ">
    <subfield code="9">info:eu-repo/semantics/closedAccess</subfield>
    <subfield code="a">All rights reserved</subfield>
    <subfield code="u">http://www.europeana.eu/rights/rr-f/</subfield>
  </datafield>
  <datafield tag="655" ind1=" " ind2="4">
    <subfield code="a">info:eu-repo/semantics/article</subfield>
    <subfield code="v">info:eu-repo/semantics/publishedVersion</subfield>
  </datafield>
  <datafield tag="700" ind1=" " ind2=" ">
    <subfield code="a">Berna, Sophia</subfield>
  </datafield>
  <datafield tag="700" ind1=" " ind2=" ">
    <subfield code="a">Medina Pérez, Víctor Manuel</subfield>
  </datafield>
  <datafield tag="700" ind1=" " ind2=" ">
    <subfield code="a">Soriano, Mario</subfield>
  </datafield>
  <datafield tag="700" ind1=" " ind2=" ">
    <subfield code="a">Giraldo, Cindy</subfield>
  </datafield>
  <datafield tag="700" ind1=" " ind2=" ">
    <subfield code="a">Muñoz, Guillermo</subfield>
    <subfield code="u">Universidad de Zaragoza</subfield>
    <subfield code="0">(orcid)0000-0001-8567-4327</subfield>
  </datafield>
  <datafield tag="700" ind1=" " ind2=" ">
    <subfield code="a">Calatayud-Pérez, Juan</subfield>
    <subfield code="u">Universidad de Zaragoza</subfield>
    <subfield code="0">(orcid)0000-0003-3883-3094</subfield>
  </datafield>
  <datafield tag="700" ind1=" " ind2=" ">
    <subfield code="a">Aguas, Jesús</subfield>
    <subfield code="u">Universidad de Zaragoza</subfield>
    <subfield code="0">(orcid)0000-0001-5821-3920</subfield>
  </datafield>
  <datafield tag="700" ind1=" " ind2=" ">
    <subfield code="a">Schuhmacher, Alberto J.</subfield>
  </datafield>
  <datafield tag="700" ind1=" " ind2=" ">
    <subfield code="a">Junquera, Concepción</subfield>
    <subfield code="0">(orcid)0000-0002-9951-1075</subfield>
  </datafield>
  <datafield tag="710" ind1="2" ind2=" ">
    <subfield code="1">1013</subfield>
    <subfield code="2">090</subfield>
    <subfield code="a">Universidad de Zaragoza</subfield>
    <subfield code="b">Dpto. Cirugía</subfield>
    <subfield code="c">Área Cirugía</subfield>
  </datafield>
  <datafield tag="710" ind1="2" ind2=" ">
    <subfield code="1">1013</subfield>
    <subfield code="2">020</subfield>
    <subfield code="a">Universidad de Zaragoza</subfield>
    <subfield code="b">Dpto. Cirugía</subfield>
    <subfield code="c">Área Anatomía Patológica</subfield>
  </datafield>
  <datafield tag="773" ind1=" " ind2=" ">
    <subfield code="g">176, 1 (2025), [11 pp.]</subfield>
    <subfield code="p">J. neuro-oncol.</subfield>
    <subfield code="t">JOURNAL OF NEURO-ONCOLOGY</subfield>
    <subfield code="x">0167-594X</subfield>
  </datafield>
  <datafield tag="856" ind1="4" ind2=" ">
    <subfield code="s">7940163</subfield>
    <subfield code="u">http://zaguan.unizar.es/record/163855/files/texto_completo.pdf</subfield>
    <subfield code="y">Versión publicada</subfield>
  </datafield>
  <datafield tag="856" ind1="4" ind2=" ">
    <subfield code="s">2398013</subfield>
    <subfield code="u">http://zaguan.unizar.es/record/163855/files/texto_completo.jpg?subformat=icon</subfield>
    <subfield code="x">icon</subfield>
    <subfield code="y">Versión publicada</subfield>
  </datafield>
  <datafield tag="909" ind1="C" ind2="O">
    <subfield code="o">oai:zaguan.unizar.es:163855</subfield>
    <subfield code="p">articulos</subfield>
    <subfield code="p">driver</subfield>
  </datafield>
  <datafield tag="951" ind1=" " ind2=" ">
    <subfield code="a">2025-11-07-10:26:03</subfield>
  </datafield>
  <datafield tag="980" ind1=" " ind2=" ">
    <subfield code="a">ARTICLE</subfield>
  </datafield>
</record>
</collection>